Statistics for EUROPE COUNTRIES QUIZ

Click here to take the quiz!

General Stats

  • This quiz has been taken 13 times
  • The average score is 37 of 46

Answer Stats

Answer% Correct
albania
92%
austria
92%
belarus
92%
belgium
92%
france
92%
netherlands
92%
norway
92%
sweden
92%
uk
92%
croatia
85%
czech republic
85%
estonia
85%
finland
85%
germany
85%
greece
85%
hungary
85%
ireland
85%
italy
85%
latvia
85%
liechtenstein
85%
luxembourg
85%
moldova
85%
montenegro
85%
portugal
85%
romania
85%
russia
85%
slovakia
85%
slovenia
85%
spain
85%
bosnia
77%
bulgaria
77%
Iceland
77%
malta
77%
north macedonia
77%
san marino
77%
serbia
77%
switzerland
77%
vatican
77%
andorra
69%
cyprus
69%
denmark
69%
kosovo
69%
poland
69%
monaco
62%
turkey
62%
lilthuania
8%

Score Distribution

Percentile by Number Answered

Percent of People with Each Score

Your Score History

You have not taken this quiz